| 000 | 01788cam a2200313 i 4500 | ||
|---|---|---|---|
| 003 | SA-RiAUC | ||
| 005 | 20250825070505.0 | ||
| 008 | 250822s2009 ua f b 000 0 ara c | ||
| 020 | _a9771114670 | ||
| 024 | 0 | _a00000000715332 | |
| 040 |
_aSA-JeALM _bara _cSA-RiAUC _dAE-DuMBRL _erda |
||
| 050 | 4 | _b.J86 2009 | |
| 082 | 0 | 4 |
_a251 _qSA-RiAUC |
| 090 |
_a251 _bج م ع |
||
| 100 | 1 |
_aجمعة، علي، _d1952- _eمؤلف. |
|
| 245 | 1 | 0 |
_aعلم أصول الفقه وعلاقته بالفلسفة الإسلامية / _cفضيلة الأستاذ الدكتور علي جمعة. |
| 250 | _aالطبعة الأولى. | ||
| 264 | 1 |
_aالقاهرة : _bمنشورات علاء سرحان : _bدار الرسالة، _c2002 |
|
| 300 |
_a61 صفحة ؛ _c16 × 12 سم |
||
| 336 |
_aنص _btxt _2rdacontent _3كتاب |
||
| 337 |
_aبدون وسيط _bn _2rdamedia |
||
| 338 |
_aمجلد _bnc _2rdacarrier |
||
| 504 | _aببليوجرافية : صفحة 53-59. | ||
| 520 | _aيستعرض هذا الكتاب "علم أصول الفقه وعلاقته بالفلسفة الإسلامية" للأستاذ الدكتور علي جمعة نقاط التلاقي والعلاقة بين أصول الفقه والفلسفة الإسلامية حيث تعد الفلسفة الإسلامية هي القاعدة الأساسية لمجموعة الاجراءات اللازمة للتعامل مع النص وفهمه والأصولي الفقهي لن يجيد التعامل مع علم الأصول إلا بإجادته لمباحث الفلسفة الإسلامية وعلم الكلام. | ||
| 650 | 7 |
_aأصول الفقه الإسلامي _2aucsh |
|
| 650 | 7 |
_aالفلسفة الإسلامية _2aucsh |
|
| 942 |
_2ddc _cBOOK _n0 |
||
| 949 |
_aSA-JeALM _d250822 _umohamedma123 _n1 |
||
| 999 |
_c11095 _d11095 |
||